<?xml version="1.0" encoding="UTF-8"?>
<collection xmlns="http://www.loc.gov/MARC21/slim">
 <record>
  <leader>04847cam a2200481Ii 4500</leader>
  <controlfield tag="001">on1104533172</controlfield>
  <controlfield tag="003">OCoLC</controlfield>
  <controlfield tag="005">20210423014339.0</controlfield>
  <controlfield tag="006">m     o  d        </controlfield>
  <controlfield tag="007">cr cnu---unuuu</controlfield>
  <controlfield tag="008">190614s2019    ne      o     000 0 eng d</controlfield>
  <datafield tag="040" ind1=" " ind2=" ">
   <subfield code="a">N$T</subfield>
   <subfield code="b">eng</subfield>
   <subfield code="e">rda</subfield>
   <subfield code="e">pn</subfield>
   <subfield code="c">N$T</subfield>
   <subfield code="d">N$T</subfield>
   <subfield code="d">EBLCP</subfield>
   <subfield code="d">OCLCF</subfield>
   <subfield code="d">UKMGB</subfield>
   <subfield code="d">YDX</subfield>
   <subfield code="d">OPELS</subfield>
   <subfield code="d">UKAHL</subfield>
   <subfield code="d">OCLCQ</subfield>
   <subfield code="d">DKU</subfield>
   <subfield code="d">OCLCQ</subfield>
   <subfield code="d">LVT</subfield>
  </datafield>
  <datafield tag="015" ind1=" " ind2=" ">
   <subfield code="a">GBB9B3482</subfield>
   <subfield code="2">bnb</subfield>
  </datafield>
  <datafield tag="016" ind1="7" ind2=" ">
   <subfield code="a">019445427</subfield>
   <subfield code="2">Uk</subfield>
  </datafield>
  <datafield tag="019" ind1=" " ind2=" ">
   <subfield code="a">1229874081</subfield>
  </datafield>
  <datafield tag="020" ind1=" " ind2=" ">
   <subfield code="a">9780128148525</subfield>
   <subfield code="q">(electronic bk.)</subfield>
  </datafield>
  <datafield tag="020" ind1=" " ind2=" ">
   <subfield code="a">0128148527</subfield>
   <subfield code="q">(electronic bk.)</subfield>
  </datafield>
  <datafield tag="020" ind1=" " ind2=" ">
   <subfield code="z">9780128148518</subfield>
  </datafield>
  <datafield tag="020" ind1=" " ind2=" ">
   <subfield code="a">0128148519</subfield>
  </datafield>
  <datafield tag="020" ind1=" " ind2=" ">
   <subfield code="a">9780128148518</subfield>
  </datafield>
  <datafield tag="035" ind1=" " ind2=" ">
   <subfield code="a">(OCoLC)1104533172</subfield>
   <subfield code="z">(OCoLC)1229874081</subfield>
  </datafield>
  <datafield tag="050" ind1=" " ind2="4">
   <subfield code="a">TC409</subfield>
  </datafield>
  <datafield tag="072" ind1=" " ind2="7">
   <subfield code="a">TEC</subfield>
   <subfield code="x">014000</subfield>
   <subfield code="2">bisacsh</subfield>
  </datafield>
  <datafield tag="082" ind1="0" ind2="4">
   <subfield code="a">627</subfield>
   <subfield code="2">23</subfield>
  </datafield>
  <datafield tag="245" ind1="0" ind2="0">
   <subfield code="a">From catchment management to managing river basins :</subfield>
   <subfield code="b">science, technology choices, institutions and policy /</subfield>
   <subfield code="c">edited by M. Dinesh Kumar, V. Ratna Reddy, A.J. James.</subfield>
  </datafield>
  <datafield tag="264" ind1=" " ind2="1">
   <subfield code="a">Amsterdam :</subfield>
   <subfield code="b">Elsevier,</subfield>
   <subfield code="c">2019.</subfield>
  </datafield>
  <datafield tag="300" ind1=" " ind2=" ">
   <subfield code="a">1 online resource</subfield>
  </datafield>
  <datafield tag="336" ind1=" " ind2=" ">
   <subfield code="a">text</subfield>
   <subfield code="b">txt</subfield>
   <subfield code="2">rdacontent</subfield>
  </datafield>
  <datafield tag="337" ind1=" " ind2=" ">
   <subfield code="a">computer</subfield>
   <subfield code="b">c</subfield>
   <subfield code="2">rdamedia</subfield>
  </datafield>
  <datafield tag="338" ind1=" " ind2=" ">
   <subfield code="a">online resource</subfield>
   <subfield code="b">cr</subfield>
   <subfield code="2">rdacarrier</subfield>
  </datafield>
  <datafield tag="490" ind1="0" ind2=" ">
   <subfield code="a">Current directions in water scarcity research ;</subfield>
   <subfield code="v">volume 1</subfield>
  </datafield>
  <datafield tag="588" ind1="0" ind2=" ">
   <subfield code="a">Online resource; title from PDF title page (EBSCO, viewed June 17, 2019)</subfield>
  </datafield>
  <datafield tag="505" ind1="8" ind2="0">
   <subfield code="g">1.</subfield>
   <subfield code="t">Introduction /</subfield>
   <subfield code="r">M. Dinesh Kumar, V. Ratna Reddy, A.J. James --</subfield>
   <subfield code="g">2.</subfield>
   <subfield code="t">Catchment management to basin management: International perspectives and overview of global experience /</subfield>
   <subfield code="r">M. Dinesh Kumar, Charles Batchelor, A.J. James --</subfield>
   <subfield code="g">3.</subfield>
   <subfield code="t">Watershed management in Afghanistan: Lessons from South Asia /</subfield>
   <subfield code="r">V. Ratna Reddy --</subfield>
   <subfield code="g">4.</subfield>
   <subfield code="t">From watershed to sub-basins: Analyzing the scale effects of watershed development in Narmada river basin, central India /</subfield>
   <subfield code="r">Jayesh Talati, M. Dinesh Kumar --</subfield>
   <subfield code="g">5.</subfield>
   <subfield code="t">Catchment assessment and planning for improving effectiveness of watershed development interventions: A case study from South Gujarat /</subfield>
   <subfield code="r">A.J. James, James Batchelor, Nitin Bassi, Grant Milne --</subfield>
   <subfield code="g">6.</subfield>
   <subfield code="t">Water accounting for understanding water tenures: A case study of water rich Warna sub-basin of Krishna river basin, Maharashtra /</subfield>
   <subfield code="r">M. Dinesh Kumar, K. Siva Ram Kishan, A.J. James, Nitin Bassi --</subfield>
   <subfield code="g">7.</subfield>
   <subfield code="t">Water accounting for Luni river basin, Western Rajasthan /</subfield>
   <subfield code="r">M. Dinesh Kumar, Nitin Bassi, A.J. James --</subfield>
   <subfield code="g">8.</subfield>
   <subfield code="t">Downscaling IWRM plans from basin to districts: IWRM plan for Pali district in Western Rajasthan /</subfield>
   <subfield code="r">A.J. James, M. Dinesh Kumar --</subfield>
   <subfield code="g">9.</subfield>
   <subfield code="t">Water accounting for Kanpur metropolitan area in Ganges river basin /</subfield>
   <subfield code="r">Nitin Bassi, S.V. Suresh Babu, M. Dinesh Kumar --</subfield>
   <subfield code="g">10.</subfield>
   <subfield code="t">Addressing the scale issues in watershed development /</subfield>
   <subfield code="r">V. Ratna Reddy, Geoff Syme --</subfield>
   <subfield code="g">11.</subfield>
   <subfield code="t">Operationalizing IWRM concepts at the basin level: From theory to practice /</subfield>
   <subfield code="r">M. Dinesh Kumar, Charles Batchelor, A.J. James --</subfield>
   <subfield code="g">12.</subfield>
   <subfield code="t">Conclusions and areas for future research /</subfield>
   <subfield code="r">M. Dinesh Kumar, V. Ratna Reddy, A.J. James.</subfield>
  </datafield>
  <datafield tag="520" ind1=" " ind2=" ">
   <subfield code="a">From Catchment Management to Managing River Basins: Science, Technology Choices, Institutions and Policy synthesizes key scientific facts crucial for catchment assessment, planning and river basin water accounting. The book presents extensive reviews of international literature on catchment hydrology, forest hydrology and other hydrological processes, such as groundwater-surface water interactions. It discusses not only the science of catchment assessment and planning, but also the catchment planning process. It documents several of the positive international experiences with integrated catchment management and integrated basin management, distilling key learnings. Case studies from India and other parts of South Asia are also included, along with new pilot studies. Finally, the book discusses the theoretical and operational aspects of integrated catchment management and integrated water management in river basins using international best practices and case studies. Key Features: Discusses the theoretical nuances of scale effects in hydrology and land-use hydrology interactions; Focuses on managing water in a situation in which water has become scarce; Provides a theoretical discussion on water accounting procedures that is followed by an application of the methodology and tools in real-life case studies in two river basins of India; Presents applications of the concept of integrated water resources management for developing a WRM plan for an Indian river basin. --</subfield>
   <subfield code="c">Provided by publisher.</subfield>
  </datafield>
  <datafield tag="650" ind1=" " ind2="0">
   <subfield code="a">Watershed management.</subfield>
  </datafield>
  <datafield tag="650" ind1=" " ind2="7">
   <subfield code="a">TECHNOLOGY &amp; ENGINEERING</subfield>
   <subfield code="x">Hydraulics.</subfield>
   <subfield code="2">bisacsh</subfield>
  </datafield>
  <datafield tag="650" ind1=" " ind2="7">
   <subfield code="a">Watershed management.</subfield>
   <subfield code="2">fast</subfield>
   <subfield code="0">(OCoLC)fst01172716</subfield>
  </datafield>
  <datafield tag="655" ind1=" " ind2="4">
   <subfield code="a">Electronic books.</subfield>
  </datafield>
  <datafield tag="700" ind1="1" ind2=" ">
   <subfield code="a">Dinesh Kumar, M.,</subfield>
   <subfield code="e">editor.</subfield>
  </datafield>
  <datafield tag="700" ind1="1" ind2=" ">
   <subfield code="a">Reddy, V. Ratna,</subfield>
   <subfield code="e">editor.</subfield>
  </datafield>
  <datafield tag="700" ind1="1" ind2=" ">
   <subfield code="a">James, A. J.,</subfield>
   <subfield code="e">editor.</subfield>
  </datafield>
  <datafield tag="776" ind1="0" ind2="8">
   <subfield code="i">Print version :</subfield>
   <subfield code="z">9780128148518</subfield>
  </datafield>
  <datafield tag="856" ind1="4" ind2="0">
   <subfield code="3">ScienceDirect</subfield>
   <subfield code="u">https://www.sciencedirect.com/science/bookseries/25427946/1</subfield>
  </datafield>
 </record>
</collection>
